| 000 | 00660nam a22002057a 4500 | ||
|---|---|---|---|
| 003 | OSt | ||
| 005 | 20260530115318.0 | ||
| 008 | 260507b1980 mx a|||| |||| 00| 0 spa d | ||
| 020 | _a9688051004 | ||
| 040 |
_aICI _bspa _cICI |
||
| 041 | _aspa | ||
| 050 |
_aN8217.F38 _bB37 |
||
| 100 |
_aBasich Leija, Zita, _eautor |
||
| 245 | 1 | 0 |
_aPeces, moluscos y crustaceos en los codices mexicanos / | _bZita baich _cInvestigacion y seleccion de material: |
| 300 | _a60 páginas | ||
| 490 | 0 | _aArchivo general de la nacion. serie de informacion grafica | |
| 650 | 4 |
_aManuscritos mexicanos _9781 |
|
| 650 | 4 |
_aFauna marina _vObras ilustradas _933929 |
|
| 942 |
_2lcc _cBK _n1 |
||
| 999 |
_c13645 _d13645 |
||